Normal view
MARC view
- الطعامنة، محمد /م.مشارك: احلام رجب الشاوي
Entry Personal Name
001 - CONTROL NUMBER
- control field: 33910
003 - CONTROL NUMBER IDENTIFIER
- control field: JO-AjAnu
005 - DATE AND TIME OF LATEST TRANSACTION
- control field: 20230606075702.0
008 - FIXED-LENGTH DATA ELEMENTS
- fixed length control field: 230606|| aca||aabn | a|a d
040 ## - CATALOGING SOURCE
- Original cataloging agency: JO-AjAnu
- Transcribing agency: JO-AjAnu
100 ## - HEADING--PERSONAL NAME
- Personal name: الطعامنة، محمد /م.مشارك: احلام رجب الشاوي
670 ## - SOURCE DATA FOUND
- Source citation: Work cat.: (JO-AjAnu)17417: الطعامنة، محمد /م.مشارك: احلام رجب الشاوي, author, مستوى ممارسة العدالة التنظيمية من وجهة نظر العاملين في وزارة التخطيط والتعاون الانمائي بالعراق